| 000 | 00332nam a22000977a 4500 | ||
|---|---|---|---|
| 082 |
_a343.549104 _bPAK |
||
| 245 |
_aPakistan Tax Decisions [P T D] 2002 / _cEdited by Muhammad Anwar, Muhammad Azhar Saeed, Muhammad Zubair Saeed and et all |
||
| 260 |
_aLahore : _bPLD Publishers, _c2002. |
||
| 300 |
_avolume _c23 cm. |
||
| 942 |
_2ddc _cBK _s1 |
||
| 999 |
_c592515 _d592515 |
||